| 000 | 00468nam a2200145 a 4500 | ||
|---|---|---|---|
| 008 | 120416s1974 xx |||||||||||||| || u | ||
| 050 | _aHD 31 Hai | ||
| 100 | _aHaimann, Theo | ||
| 245 | 1 | 0 | _aManagement in the modern organisation |
| 260 | _c1974 | ||
| 350 | _a0.00 | ||
| 650 | 0 | _aMANAGEMENT | |
| 650 | _aORGANIZATIONS | ||
| 995 |
_D0.00 _FCBU-MAIN LIBRARY (Kitwe) _H1 _I0.00 _M1 _UDAMAGED _ZMain Library Open Access Collection |
||
| 999 |
_c49933 _d49933 |
||